000 00985nac a22002777a 4500
001 BR8003995
003 BR-BrBNA
005 20240105114737.0
008 230509b bl.|||m| |||| 00| 0 por d
040 _aBR-BrBNA
_bpor
_cBiblioteca Nacional de Agricultura
072 _aP10; F10; P12
090 _aP10 BR8003995
110 1 _aProjeto de Hidrologia e Climatologia da Amazonia, Belem, PA (Brasil)
_98071
245 1 _aBoletim Informativo no. 13 - Janeiro-Fevereiro/1980 [Projeto de Hidrologia e Climatologia da Amazonia; Bacia Hidrografica; Drenagem; Brasil]
260 3 _aBelem, PA (Brasil):
_cJan 1980.
300 _a11 p.
490 _aBoletim Informativo - Projeto de Hidrologia e Climatologia da Amazonia (Brazil)
_vno. 13
_x
650 _aCLIMATOLOGIA
650 _aDRENAGEM
650 _aHIDROLOGIA
650 _aRECURSO HIDRICO
650 _aBACIA HIDROGRAFICA
650 _aAMAZONIA
909 _a202312
_bLúcia Elande
_c55
_dLúcia Elande
942 _2AGRIS
_n0
_cMS
999 _c271062
_d271062